| 000 | 00521nam a2200145Ia 4500 | ||
|---|---|---|---|
| 008 | 140724s9999 xx 000 0 und d | ||
| 050 |
_aP 90 _b.Sa195 2009 |
||
| 100 | _aSan Juan, Christian King N. | ||
| 245 | 2 |
_aA 3D animation on sugarcoating in the social networking environment / _cChristian King N. San Juan. |
|
| 260 |
_aLas PiƱas, Philippines : _bSouthville International School and Colleges, _cc2009. |
||
| 300 |
_a63 p. : _bcol. ill. ; _c28 cm. |
||
| 521 | _aMass Communication | ||
| 942 | _cTH | ||
| 999 |
_c228938 _d228938 |
||